UK Residential Research Bulletin (Record no. 106613)

MARC details
000 -LEADER
fixed length control field 01317cam a2200217 4500
001 - CONTROL NUMBER
control field L137037
008 - FIXED-LENGTH DATA ELEMENTS--GENERAL INFORMATION
fixed length control field 070312s2006 xxk f 000 0 eng d
035 ## - SYSTEM CONTROL NUMBER
System control number (Sirsi) u137037
041 0# - LANGUAGE CODE
Language code of text/sound track or separate title eng
050 04 - LIBRARY OF CONGRESS CALL NUMBER
Classification number 333.33 $2 18
110 2# - MAIN ENTRY--CORPORATE NAME
Corporate name or jurisdiction name as entry element Savills
9 (RLIN) 2020
245 00 - TITLE STATEMENT
Title UK Residential Research Bulletin
Remainder of title No 54
Medium [electronic resource]
260 ## - PUBLICATION, DISTRIBUTION, ETC.
Place of publication, distribution, etc. London
Name of publisher, distributor, etc. Savills
Date of publication, distribution, etc. 2006
490 #0 - SERIES STATEMENT
Series statement Savills UK Residential Research Bulletin
Volume/sequential designation (54) May 2006
520 ## - SUMMARY, ETC.
Summary, etc. Revises the Savills forecast for UK property market growth upwards from 0% to nearer 3% for 2006. Stable economic conditions, cheap fixed-rate debt, robust housing demand and stock scarcity have led to a more buoyant than expected housing market in the first part of the year. Price growth in 2006 will be led by prime markets in London and the South East. As a result, the gap between the South and North is set to start widening again. The forecast for prime central London value growth has been revised upwards - to +11% for 2006.
650 24 - SUBJECT ADDED ENTRY--TOPICAL TERM
Topical term or geographic name entry element SAVILLS UK RESIDENTIAL RESEARCH BULLETIN
651 #4 - SUBJECT ADDED ENTRY--GEOGRAPHIC NAME
Geographic name United Kingdom
Chronological subdivision
690 ## - LOCAL SUBJECT ADDED ENTRY--TOPICAL TERM (OCLC, RLIN)
Topical term or geographic name as entry element PROPERTY-RESIDENTIAL PROPERTY-RESIDENTIAL PROPERTY MARKET
856 48 - ELECTRONIC LOCATION AND ACCESS
Uniform Resource Identifier <a href="https://www.savills.co.uk/research/Report.aspx?nodeID=7055#">https://www.savills.co.uk/research/Report.aspx?nodeID=7055#</a>
Public note View the bulletin free of charge (requires registration) at www.savills.co.uk
942 ## - ADDED ENTRY ELEMENTS (KOHA)
Suppress in OPAC 0
Holdings
Withdrawn status Lost status Source of classification or shelving scheme Damaged status Not for loan Home library Current library Shelving location Date acquired Total Checkouts Full call number Barcode Date last seen Copy number Price effective from Koha item type
    Dewey Decimal Classification     Virtual Virtual Online 12/03/2007   ONLINE PUBLICATION 137037-1001 06/08/2019 1 06/08/2019 Book